[Event "AUTO-INT-3950"]
[Site "http://www.queenalice.com/game.php?id=1865199"]
[Date "2025.11.4"]
[Round "1"]
[White "Carlos19"]
[Black "Quanah4"]
[Result "0-1"]
[WhiteElo "1603"]
[BlackElo "1674"]

1. e4 c5 2. Bc4 g6 3. Nf3 Bg7 4. Nc3 a6 5. Ng5 e6 6. d3 h6 7. Nf3 Ne7 8. a4 Nbc6
9. O-O O-O 10. h3 d5 11. exd5 exd5 12. Ba2 b6 13. Bf4 Bb7 14. b3 Re8 15. Re1
Bxc3 16. Bxh6 Bxa1 17. Qxa1 Nf5 18. Bg5 Rxe1+ 19. Qxe1 Qe8 20. Qxe8+ Rxe8 21. g4
Nfd4 22. Nxd4 Nxd4 23. Bf6 Nxc2 24. f4 Ne3 25. Kh2 d4 26. g5 Nd5 27. h4 Re2+ 28.
Kg1 Rxa2 29. Bd8 Nxf4 30. Bxb6 Nxd3 31. b4 cxb4 32. Bxd4 Rxa4 33. Bf6 b3 34. Bc3
b2 35. Bxb2 Nxb2 36. Kh2 Rc4 37. Kg3 a5 38. Kh3 a4 39. h5 gxh5 40. g6 fxg6 41.
Kg3 a3 42. Kh3 a2 0-1

[Event "AUTO-OPEN-4633"]
[Site "http://www.queenalice.com/game.php?id=1867749"]
[Date "2026.1.9"]
[Round "1"]
[White "maurice916"]
[Black "Quanah4"]
[Result "1-0"]
[WhiteElo "1830"]
[BlackElo "1704"]

1. Nf3 c5 2. b3 e6 3. Bb2 d5 4. e3 Nc6 5. Bb5 Ne7 6. O-O a6 7. Bxc6+ Nxc6 8. c4
f6 9. d4 cxd4 10. exd4 b6 11. Nc3 Be7 12. a3 Bb7 13. Rb1 O-O 14. Re1 Qd7 15.
cxd5 exd5 16. b4 b5 17. Rc1 Rac8 18. Qd3 f5 19. Ne2 Nd8 20. Ne5 Qe8 21. Rxc8
Bxc8 22. Nf4 Bb7 23. g3 g5 24. Ng2 Nc6 25. f4 h6 26. Rc1 gxf4 27. Nxf4 Nd8 28.
Re1 Nf7 29. Neg6 Ng5 30. Nxf8 Qxf8 31. Ng6 Qf7 32. Nxe7+ Kg7 33. Nxf5+ Kf8 34.
Re7 Qh5 35. Rxb7 Nf3+ 36. Kf2 Nxh2 37. Ng7 Ng4+ 38. Ke1 Qh1+ 39. Qf1+ Qxf1+ 40.
Kxf1 Nf6 41. Nf5 h5 42. Rb6 Kf7 43. Nh4 Nd7 44. Rb7 Ke6 45. Rxd7 Kxd7 46. Kf2
Kd6 47. Kf3 Ke6 48. Kf4 Kf6 49. Nf3 Kg6 50. Ke5 Kf7 51. Kxd5 Kg6 52. Ke4 Kf6 53.
d5+ Ke7 54. Ke5 Kd7 55. Ng5 Ke7 56. Bd4 Kd7 57. Bc5 Ke8 58. Ke6 Kd8 59. d6 Ke8
60. Bb6 Kf8 61. d7 a5 62. Bd4 axb4 63. d8=Q# 1-0

[Event "AUTO-OPEN-4633"]
[Site "http://www.queenalice.com/game.php?id=1867750"]
[Date "2026.1.9"]
[Round "1"]
[White "Quanah4"]
[Black "maurice916"]
[Result "0-1"]
[WhiteElo "1692"]
[BlackElo "1828"]

1. c4 c6 2. g3 g6 3. Nc3 Bg7 4. Bg2 Nf6 5. e3 d5 6. cxd5 cxd5 7. d4 O-O 8. Nge2
Nc6 9. O-O Re8 10. a3 a6 11. b4 b5 12. Bb2 Bb7 13. Qc2 Rc8 14. Rac1 e5 15. Qd2
e4 16. f3 exf3 17. Bxf3 Qe7 18. Nd1 Ne4 19. Bxe4 Qxe4 20. Rf4 Qe6 21. Rf3 Ne7
22. Ndc3 Nf5 23. Kf2 Re7 24. Nf4 Qd7 25. Re1 g5 26. Nh5 Bh8 27. Qc2 Nh6 28. h3
Re6 29. Kg1 f5 30. Qd2 Rf8 31. e4 dxe4 32. Nxe4 Rxe4 33. Qxg5+ Bg7 34. Rxe4 Bxe4
35. Re3 Kh8 36. Re2 Bxd4+ 37. Bxd4+ Qxd4+ 38. Kh2 Ng4+ 39. hxg4 Bf3 40. Re7 Qf2+
41. Kh3 fxg4+ 42. Kh4 Qh2# 0-1

[Event "AUTO-OPEN-4633"]
[Site "http://www.queenalice.com/game.php?id=1867775"]
[Date "2026.1.9"]
[Round "1"]
[White "Numberzero"]
[Black "Quanah4"]
[Result "0-1"]
[WhiteElo "897"]
[BlackElo "1702"]

1. e4 c5 2. Nf3 g6 3. d4 cxd4 4. Nxd4 e6 5. Nc3 a6 6. a4 Bg7 7. Be2 Nc6 8. Be3
Nge7 9. O-O d5 10. exd5 exd5 11. Bf3 Be6 12. Re1 O-O 13. Qd2 Rc8 14. Rad1 Na5
15. b3 Nac6 16. Nce2 Na5 17. Nf4 Bxd4 18. Bxd4 Nac6 19. Bf6 Qd7 20. Nxd5 Bxd5
21. Bxe7 Nxe7 22. Bxd5 Qc7 23. c4 Rfd8 0-1

[Event "AUTO-OPEN-4633"]
[Site "http://www.queenalice.com/game.php?id=1867776"]
[Date "2026.1.9"]
[Round "1"]
[White "Quanah4"]
[Black "Numberzero"]
[Result "1-0"]
[WhiteElo "1690"]
[BlackElo "964"]

1. c4 e5 2. g3 Nf6 3. Bg2 d5 4. cxd5 Nxd5 5. e3 Nc6 6. Ne2 Be7 7. O-O O-O 8.
Nbc3 Be6 9. a3 a5 10. d4 exd4 11. exd4 Bf6 12. Be3 Re8 13. Rc1 Nxe3 14. fxe3 Bc4
15. Qd2 Bxe2 16. Nxe2 Bg5 17. Nf4 Bxf4 18. gxf4 Nxd4 19. exd4 c6 20. Rfe1 Rxe1+
21. Rxe1 Qf6 22. Re4 1-0

[Event "AUTO-OPEN-4633"]
[Site "http://www.queenalice.com/game.php?id=1867791"]
[Date "2026.1.9"]
[Round "1"]
[White "EdsonEstevam"]
[Black "Quanah4"]
[Result "0-1"]
[WhiteElo "1767"]
[BlackElo "1704"]

1. e4 c5 2. c3 g6 3. Nf3 Bg7 4. d4 cxd4 5. cxd4 e6 6. Bb5 a6 7. Ba4 b5 8. Bb3 d5
9. e5 Nc6 10. Nc3 Nge7 11. Bg5 O-O 12. O-O f6 13. exf6 Bxf6 14. Bh6 Bg7 15. Qd2
Na5 16. Ne5 Nec6 17. Bc2 Nc4 18. Nxc4 bxc4 19. Rae1 Bxh6 20. Qxh6 Nxd4 21. Bb1
Nf5 22. Qh3 Ng7 23. Re5 Qc7 24. Rg5 Rf5 25. Bxf5 Nxf5 26. Ne2 e5 27. Ng3 Ne3 28.
Nf5 Nxf1 29. Kxf1 Bxf5 30. Qxf5 Rf8 31. Qe6+ Qf7 32. Qxf7+ Rxf7 33. Rxe5 Rd7 34.
Ke2 d4 35. Rc5 Re7+ 36. Kd2 Rf7 37. Ke2 d3+ 38. Ke3 Re7+ 39. Kd2 Re2+ 40. Kd1
Rxf2 41. Rxc4 Rxb2 42. Rd4 Rxg2 43. Rxd3 Rxa2 44. Rh3 Rb2 45. Ra3 Rxh2 46. Rxa6
Rf2 47. Ra8+ Kg7 48. Ke1 Rf7 49. Ra5 h5 50. Ke2 Rf6 51. Ke3 Kh6 52. Ra1 g5 53.
Ke2 h4 54. Rf1 Rxf1 55. Kxf1 Kh5 56. Kg2 Kg4 57. Kh2 Kf3 58. Kh3 g4+ 59. Kxh4 g3
60. Kh3 Kf2 0-1

[Event "AUTO-OPEN-4633"]
[Site "http://www.queenalice.com/game.php?id=1867792"]
[Date "2026.1.9"]
[Round "1"]
[White "Quanah4"]
[Black "EdsonEstevam"]
[Result "0-1"]
[WhiteElo "1705"]
[BlackElo "1733"]

1. c4 e5 2. g3 c6 3. Bg2 Nf6 4. Nc3 d5 5. cxd5 cxd5 6. e3 Bb4 7. Nge2 Nc6 8. O-O
O-O 9. a3 Bxc3 10. Nxc3 e4 11. d4 Bd7 12. b4 a6 13. Bd2 Qc8 14. Rc1 Bh3 15. f3
Re8 16. fxe4 Nxe4 17. Nxd5 Qd8 18. Nf4 Bxg2 19. Kxg2 Ne7 20. Bc3 Nf5 21. Qf3 Qg5
22. Kg1 Rac8 23. Bb2 Nd2 24. Qxb7 Rb8 25. Qxa6 Nxf1 26. Qxf1 Nxe3 27. Qd3 Rb7
28. Re1 Rbe7 29. Bc1 Nf5 30. Rxe7 Rxe7 31. Qb5 h6 32. Qc5 Re1+ 33. Kf2 Rh1 34.
Ne2 Rxh2+ 35. Kg1 Qh5 36. Qd5 Qxe2 37. Qxf5 Qg2# 0-1

[Event "AUTO-INT-3950"]
[Site "http://www.queenalice.com/game.php?id=1867971"]
[Date "2026.1.15"]
[Round "2"]
[White "Hovis"]
[Black "Quanah4"]
[Result "0-1"]
[WhiteElo "1636"]
[BlackElo "1693"]

1. e4 c5 2. Nc3 g6 3. d3 Bg7 4. Be3 b6 5. Be2 Bb7 6. Nf3 e6 7. O-O Nc6 8. Nb5 d5
9. c3 a6 10. exd5 exd5 11. d4 axb5 12. Bxb5 cxd4 13. cxd4 Ne7 14. Re1 O-O 15. a4
Na7 16. Bg5 f6 17. Bf4 Nxb5 18. axb5 Qd7 19. Qb3 Rfc8 20. h3 h6 21. g4 g5 22.
Bd2 f5 23. Nh2 Rxa1 24. Rxa1 Bxd4 25. Be3 Bxe3 26. Qxe3 f4 27. Qxb6 d4 28. Qxh6
Rc5 29. b6 Qc6 30. Qxc6 Nxc6 31. Nf3 Kf7 32. Nd2 Ne5 33. Ra7 Rc1+ 34. Kh2 Rh1#
0-1